[Event "Karl Mala Memorial op 09th"]
[Site "Frankfurt"]
[Date "2005.07.31"]
[Round "6"]
[White "Fabritius, Richard"]
[Black "Koellmer, Hans Peter"]
[Result "1/2-1/2"]
[WhiteElo "1241"]
[BlackElo "1494"]
[PlyCount "41"]
[EventDate "2005.07.28"]
[EventType "swiss"]
[EventRounds "7"]
[EventCountry "GER"]
[SourceTitle "EXT 2006"]
[Source "ChessBase"]
[SourceDate "2005.11.24"]
[SourceVersion "1"]
[SourceVersionDate "2005.11.24"]
[SourceQuality "1"]

1. Nf3 Nf6 2. d4 e6 3. c4 c5 4. d5 d6 5. Nc3 Be7 6. e4 Nbd7 7. Bd3 a6 8. a4 0-0 9. 0-0 Qc7 10. b3 e5 11. Ne1 Re8 12. f4 exf4 13. Bxf4 Ne5 14. Bc2 Bg4 15. Qd2 Bf8 16. h3 Bd7 17. Nf3 Ng6 18. Bg5 Be7 19. Rae1 Bd8 20. Bd1 h6 21. Bh4 1/2-1/2

[Event "Karl Mala Memorial op 09th"]
[Site "Frankfurt"]
[Date "2005.07.31"]
[Round "7"]
[White "Lindner, Heribert"]
[Black "Fabritius, Richard"]
[Result "1-0"]
[WhiteElo "1561"]
[BlackElo "1241"]
[PlyCount "43"]
[EventDate "2005.07.28"]
[EventType "swiss"]
[EventRounds "7"]
[EventCountry "GER"]
[SourceTitle "EXT 2006"]
[Source "ChessBase"]
[SourceDate "2005.11.24"]
[SourceVersion "1"]
[SourceVersionDate "2005.11.24"]
[SourceQuality "1"]

1. c4 Nf6 2. Nc3 c5 3. g3 e5 4. Bg2 d6 5. Nf3 Nc6 6. 0-0 Be7 7. d3 0-0 8. Bd2 Bg4 9. a3 a5 10. Rb1 Rb8 11. Nb5 Nd4 12. Nbxd4 cxd4 13. b4 axb4 14. axb4 Nd7 15. Ra1 Bg5 16. Bxg5 Qb6 17. Bd2 f5 18. Qb3 Kh8 19. Rfb1 h6 20. Qa4 Nf6 21. Qa5 Qxa5 22. bxa5 1-0

[Event "Karl Mala Memorial op 09th"]
[Site "Frankfurt"]
[Date "2005.07.30"]
[Round "4"]
[White "Fabritius, Richard"]
[Black "Frank, Andreas"]
[Result "0-1"]
[WhiteElo "1241"]
[BlackElo "1859"]
[PlyCount "24"]
[EventDate "2005.07.28"]
[EventType "swiss"]
[EventRounds "7"]
[EventCountry "GER"]
[SourceTitle "EXT 2006"]
[Source "ChessBase"]
[SourceDate "2005.11.24"]
[SourceVersion "1"]
[SourceVersionDate "2005.11.24"]
[SourceQuality "1"]

1. Nf3 Nf6 2. c4 g6 3. b3 Bg7 4. Bb2 0-0 5. g3 d6 6. Bg2 e5 7. d3 Nc6 8. 0-0 Ne8 9. e4 f5 10. exf5 Bxf5 11. Qe2 Bg4 12. Nc3 Nd4 0-1

[Event "GER-ch U25"]
[Site "Willingen"]
[Date "2005.05.21"]
[Round "9"]
[White "Fabritius, Richard"]
[Black "Sonnhalter, Stella"]
[Result "1/2-1/2"]
[WhiteElo "1200"]
[BlackElo "1262"]
[PlyCount "29"]
[EventDate "2005.05.14"]
[EventType "swiss"]
[EventRounds "9"]
[EventCountry "GER"]
[SourceTitle "CBM 106 Extra"]
[Source "ChessBase"]
[SourceDate "2005.07.01"]
[SourceVersion "1"]
[SourceVersionDate "2005.07.01"]
[SourceQuality "1"]

1. Nf3 Nc6 2. d4 d5 3. c4 e6 4. Nc3 Nf6 5. Bg5 Be7 6. e3 0-0 7. b3 Bb4 8. Qc2 h6 9. Bxf6 Qxf6 10. Bd3 Bd7 11. 0-0 Rad8 12. cxd5 Bxc3 13. dxc6 Bxa1 14. cxd7 Bxd4 15. Nxd4 1/2-1/2